<?xml version="1.0" encoding="UTF-8"?>
<record
    xmlns:xsi="http://www.w3.org/2001/XMLSchema-instance"
    xsi:schemaLocation="http://www.loc.gov/MARC21/slim http://www.loc.gov/standards/marcxml/schema/MARC21slim.xsd"
    xmlns="http://www.loc.gov/MARC21/slim">

  <leader>01453nam a2200157   4500</leader>
  <controlfield tag="008">709.729.3 C397a</controlfield>
  <datafield tag="020" ind1=" " ind2=" ">
    <subfield code="a">9789945909746</subfield>
  </datafield>
  <datafield tag="082" ind1=" " ind2=" ">
    <subfield code="a">709.729.3</subfield>
    <subfield code="b">C397a</subfield>
  </datafield>
  <datafield tag="100" ind1=" " ind2=" ">
    <subfield code="a">Centro Le&#xF3;n</subfield>
    <subfield code="9">6499</subfield>
  </datafield>
  <datafield tag="245" ind1=" " ind2=" ">
    <subfield code="a">Anuario 2017:</subfield>
    <subfield code="b">celebrar la identidad y educar a trav&#xE9;s del arte</subfield>
  </datafield>
  <datafield tag="260" ind1=" " ind2=" ">
    <subfield code="a">Santiago de los Caballeros</subfield>
    <subfield code="b">Centro Le&#xF3;n</subfield>
    <subfield code="c">2018</subfield>
  </datafield>
  <datafield tag="300" ind1=" " ind2=" ">
    <subfield code="a">175 p.</subfield>
    <subfield code="b">ill (col)</subfield>
    <subfield code="c">30.5 x 23 cm</subfield>
  </datafield>
  <datafield tag="505" ind1=" " ind2=" ">
    <subfield code="t">01 Actividades de cultura e identidad</subfield>
    <subfield code="t">VII Congreso Internacional M&#xFA;sica, Identidad, y Cultura en el Caribe, MIC: Bachatas y cuerdas en las expresiones musicales del Caribe</subfield>
    <subfield code="t">Exposici&#xF3;n Tesoros del Arte Ta&#xED;no</subfield>
    <subfield code="t">02 Exposiciones</subfield>
    <subfield code="t">Ren&#xE9; del Risco Berm&#xFA;dez: el oficio de ser joven</subfield>
    <subfield code="t">Dal&#xED;: Ilustrando Genios</subfield>
    <subfield code="t">Premio Diario Libre de Arte Contempor&#xE1;neo</subfield>
    <subfield code="t">La mu&#xF1;eca Viajera en BlueMall</subfield>
    <subfield code="t">03 Exposiciones fotogr&#xE1;ficas</subfield>
    <subfield code="t">Wilfredo Garc&#xED;a: una interpretaci&#xF3;n fotogr&#xE1;fica de la historia</subfield>
    <subfield code="t">Retratos del m&#xE1;s ac&#xE1;</subfield>
    <subfield code="t">La Frontera</subfield>
    <subfield code="t">Dos A&#xF1;os de Fotosafaris</subfield>
    <subfield code="t">Todo por Ver</subfield>
    <subfield code="t">04 Educaci&#xF3;n y comunidad</subfield>
    <subfield code="t">Entre el museo y las aulas</subfield>
    <subfield code="t">Formando artistas y curadores</subfield>
    <subfield code="t">Metodolog&#xED;a para la Integraci&#xF3;n de las Artes: Fichas para el di&#xE1;logo</subfield>
    <subfield code="t">Chav&#xF3;n en Centro Le&#xF3;n</subfield>
    <subfield code="t">05 Cultura participativa</subfield>
    <subfield code="t">Decora tu barrio 2017</subfield>
    <subfield code="t">Carnavalito 2017</subfield>
    <subfield code="t">Esfuerzo colectivo: acuerdos de colaboraci&#xF3;n en el 2017</subfield>
    <subfield code="t">Colaboradores y auspiciadores</subfield>
    <subfield code="t">Yearbook 2017</subfield>
  </datafield>
  <datafield tag="650" ind1=" " ind2=" ">
    <subfield code="x">arte contempor&#xE1;neo</subfield>
    <subfield code="x">Rep&#xFA;blica Dominicana</subfield>
    <subfield code="x">arte - exhibiciones</subfield>
    <subfield code="x">arte - anuario</subfield>
    <subfield code="9">6500</subfield>
  </datafield>
  <datafield tag="700" ind1=" " ind2=" ">
    <subfield code="a">N&#xFA;&#xF1;ez Mu&#xF1;oz, Mario (editor)</subfield>
    <subfield code="9">6501</subfield>
  </datafield>
  <datafield tag="999" ind1=" " ind2=" ">
    <subfield code="c">1543</subfield>
    <subfield code="d">1543</subfield>
  </datafield>
  <datafield tag="952" ind1=" " ind2=" ">
    <subfield code="0">0</subfield>
    <subfield code="1">0</subfield>
    <subfield code="2">ddc</subfield>
    <subfield code="4">0</subfield>
    <subfield code="7">0</subfield>
    <subfield code="a">LV</subfield>
    <subfield code="b">LV</subfield>
    <subfield code="c">Monograf&#xED;as</subfield>
    <subfield code="d">2018-07-07</subfield>
    <subfield code="l">0</subfield>
    <subfield code="o">709.729.3 C397a</subfield>
    <subfield code="p">004609</subfield>
    <subfield code="r">2018-07-07 00:00:00</subfield>
    <subfield code="w">2018-07-07</subfield>
    <subfield code="y">01</subfield>
  </datafield>
</record>
